Silvae genetica.

Bibliographic Details
New Title:Silvae genetica (Online)
Previous Title:Zeitschrift für Forstgenetik und Forstpflanzenzüchtung
Corporate Authors: Bundesforschungsanstalt für Forst- und Holzwirtschaft (Germany), Johann-Heinrich von Thünen-Institut
Format: Journal
Language:English
French
German
Language Notes:English, French, and German, with summaries in English and the language of the article.
Published: Frankfurt a.M. : J.D. Sauerländer, ©1957-2016.
Bad Orb : J.D. Sauerländer
Subjects:
Online Availability: Check for online availability

MARC

Tag First Indicator Second Indicator Subfields
LEADER 00000cas a2200000 a 4500
001 in00000058869
005 20170919131834.0
008 751101d19572015gw bx p o 0 a0eng d
010 |a sn 86012163  
035 |a (OCoLC)ocm11054817 
035 |a (OCoLC)11054817 
035 |9 AAG4799AM 
040 |a EMU  |b eng  |c EMU  |d AIP  |d NSD  |d AGL  |d NST  |d AGL  |d NLM  |d OCLCQ  |d LVB  |d DLC  |d OCLCQ  |d UKMGB  |d OCLCQ  |d OCLCF  |d OCLCO  |d OCLCQ  |d DLC  |d OCLCO  |d DLC  |d OCLCQ 
016 7 |a 101129975  |2 DNLM 
016 7 |a 009876224  |2 Uk 
019 |a 664603023  |a 879686835  |a 990547109  |a 994450233 
022 |a 0037-5349  |l 0037-5349  |2 z 
029 1 |a AU@  |b 000000939252 
029 1 |a AU@  |b 000053789921 
029 1 |a NLGGC  |b 045436622 
029 1 |a NLM  |b 101129975 
029 1 |a NZ1  |b 4003914 
029 1 |a ZWZ  |b 038794209 
030 |a SIGEAQ 
035 |a (OCoLC)11054817  |z (OCoLC)664603023  |z (OCoLC)879686835  |z (OCoLC)990547109  |z (OCoLC)994450233 
041 0 |a eng  |a fre  |a ger  |b eng  |b fre  |b ger 
042 |a nsdp  |a lccopycat 
050 0 0 |a SD399.5  |b .S55 
070 0 |a 99.8  |b Z36 
072 0 |a F200 
072 0 |a K000 
090 |a SD1  |b .S57 
049 |a TXAM 
210 0 |a Silvae genet. 
222 0 |a Silvae genetica 
245 0 0 |a Silvae genetica. 
264 1 |3 1957-<2006> :  |a Frankfurt a.M. :  |b J.D. Sauerländer,  |c ©1957-2016. 
264 3 1 |3 -2015 :  |a Bad Orb :  |b J.D. Sauerländer 
300 |a 59 volumes :  |b illustrations (some color), maps ;  |c 30 cm 
310 |a Six no. a year 
336 |a text  |b txt  |2 rdacontent 
337 |a unmediated  |b n  |2 rdamedia 
338 |a volume  |b nc  |2 rdacarrier 
362 0 |a Bd. 6, Heft 1/2 (1957)-64, issue 5/6 (2015). 
510 2 |a Chemical abstracts  |x 0009-2258  |b 1957-1983 
515 |a Issues for <2004>-2015 called issue instead of Heft and no longer called Band. 
515 |a Some no. combined. 
530 |a Issues for 2007-2015 available also online; later issues available only online. 
546 |a English, French, and German, with summaries in English and the language of the article. 
550 |a Issued by: Bundesforschungsanstalt für Forst- und Holzwirtschaft, <2004-2006>; by: Johann Heinrich von Thuenen-Institute, -2015. 
650 0 |a Forest genetics  |v Periodicals. 
650 0 |a Trees  |x Breeding  |v Periodicals. 
650 7 |a Forest genetics.  |2 fast  |0 (OCoLC)fst00932179 
650 7 |a Trees  |x Breeding.  |2 fast  |0 (OCoLC)fst01155991 
655 7 |a Periodicals.  |2 fast  |0 (OCoLC)fst01411641 
710 2 |a Bundesforschungsanstalt für Forst- und Holzwirtschaft (Germany) 
710 2 |a Johann-Heinrich von Thünen-Institut. 
780 0 0 |t Zeitschrift für Forstgenetik und Forstpflanzenzüchtung  |x 0342-5878  |w (OCoLC)11054833 
785 1 0 |t Silvae genetica (Online)  |w (OCoLC)61523275 
850 |a CU-RivA  |a DLC  |a DNAL  |a MnSU  |a NcD  |a NcRS  |a NcU 
994 |a C0  |b TXA 
949 |a updated  |b h  |c 2017/9/19  |e coplinger  |f 1:18:27 pm 
999 f f |s 0e178138-fad6-3ab9-8776-7bb95b844fdd  |i 6deb6e52-88b5-3d2c-89a1-c0ef6cd2c686  |t 0 
952 f f |p ric  |a Texas A&M University  |b Rellis Campus  |c Joint Library Facility  |d Remote Storage  |t 0  |e SD1 .S57  |h Library of Congress classification  |i unmediated -- volume  |k Bd.17  |l 1968  |m A14817901125 
952 f f |p ric  |a Texas A&M University  |b Rellis Campus  |c Joint Library Facility  |d Remote Storage  |t 0  |e SD1 .S57  |h Library of Congress classification  |i unmediated -- volume  |k v.58  |l 2008/2009  |m A14839108141 
952 f f |p ric  |a Texas A&M University  |b Rellis Campus  |c Joint Library Facility  |d Remote Storage  |t 0  |e SD1 .S57  |h Library of Congress classification  |i unmediated -- volume  |k Bd.27  |l 1978  |m A14817901230 
952 f f |p ric  |a Texas A&M University  |b Rellis Campus  |c Joint Library Facility  |d Remote Storage  |t 0  |e SD1 .S57  |h Library of Congress classification  |i unmediated -- volume  |k v.60  |l 2011  |m A14841764823 
952 f f |p ric  |a Texas A&M University  |b Rellis Campus  |c Joint Library Facility  |d Remote Storage  |t 0  |e SD1 .S57  |h Library of Congress classification  |i unmediated -- volume  |k Bd.36  |l 1987  |m A14812482621 
952 f f |p ric  |a Texas A&M University  |b Rellis Campus  |c Joint Library Facility  |d Remote Storage  |t 0  |e SD1 .S57  |h Library of Congress classification  |i unmediated -- volume  |k Bd.20  |l 1971  |m A14817901159 
952 f f |p ric  |a Texas A&M University  |b Rellis Campus  |c Joint Library Facility  |d Remote Storage  |t 0  |e SD1 .S57  |h Library of Congress classification  |i unmediated -- volume  |k Bd.34 -Bd.35  |l 1985-1986  |m A14817901264 
952 f f |p ric  |a Texas A&M University  |b Rellis Campus  |c Joint Library Facility  |d Remote Storage  |t 0  |e SD1 .S57  |h Library of Congress classification  |i unmediated -- volume  |k Bd.37  |l 1988  |m A14812482671 
952 f f |p ric  |a Texas A&M University  |b Rellis Campus  |c Joint Library Facility  |d Remote Storage  |t 0  |e SD1 .S57  |h Library of Congress classification  |i unmediated -- volume  |k Bd.39  |l 1990  |m A14814351088 
952 f f |p ric  |a Texas A&M University  |b Rellis Campus  |c Joint Library Facility  |d Remote Storage  |t 0  |e SD1 .S57  |h Library of Congress classification  |i unmediated -- volume  |k Bd.21  |l 1972  |m A14817901214 
952 f f |p ric  |a Texas A&M University  |b Rellis Campus  |c Joint Library Facility  |d Remote Storage  |t 0  |e SD1 .S57  |h Library of Congress classification  |i unmediated -- volume  |k Bd.22  |l 1973  |m A14817901167 
952 f f |p ric  |a Texas A&M University  |b Rellis Campus  |c Joint Library Facility  |d Remote Storage  |t 0  |e SD1 .S57  |h Library of Congress classification  |i unmediated -- volume  |k Bd.18  |l 1969  |m A14817901133 
952 f f |p ric  |a Texas A&M University  |b Rellis Campus  |c Joint Library Facility  |d Remote Storage  |t 0  |e SD1 .S57  |h Library of Congress classification  |i unmediated -- volume  |k 56  |l 2007  |m A14834782209 
952 f f |p ric  |a Texas A&M University  |b Rellis Campus  |c Joint Library Facility  |d Remote Storage  |t 0  |e SD1 .S57  |h Library of Congress classification  |i unmediated -- volume  |k Bd.50  |l 2001  |m A14829667012 
952 f f |p ric  |a Texas A&M University  |b Rellis Campus  |c Joint Library Facility  |d Remote Storage  |t 0  |e SD1 .S57  |h Library of Congress classification  |i unmediated -- volume  |k Bd.24  |l 1975  |m A14817901175 
952 f f |p ric  |a Texas A&M University  |b Rellis Campus  |c Joint Library Facility  |d Remote Storage  |t 0  |e SD1 .S57  |h Library of Congress classification  |i unmediated -- volume  |k 54  |l 2005  |m A14834665041 
952 f f |p ric  |a Texas A&M University  |b Rellis Campus  |c Joint Library Facility  |d Remote Storage  |t 0  |e SD1 .S57  |h Library of Congress classification  |i unmediated -- volume  |k Bd.46  |l 1997/1998  |m A14823646369 
952 f f |p ric  |a Texas A&M University  |b Rellis Campus  |c Joint Library Facility  |d Remote Storage  |t 0  |e SD1 .S57  |h Library of Congress classification  |i unmediated -- volume  |k [v.] 64  |l 2015  |m A14850337255 
952 f f |p ric  |a Texas A&M University  |b Rellis Campus  |c Joint Library Facility  |d Remote Storage  |t 0  |e SD1 .S57  |h Library of Congress classification  |i unmediated -- volume  |k 55  |l 2006  |m A14836456820 
952 f f |p ric  |a Texas A&M University  |b Rellis Campus  |c Joint Library Facility  |d Remote Storage  |t 0  |e SD1 .S57  |h Library of Congress classification  |i unmediated -- volume  |k v.59  |l 2010/2011  |m A14841284759 
952 f f |p ric  |a Texas A&M University  |b Rellis Campus  |c Joint Library Facility  |d Remote Storage  |t 0  |e SD1 .S57  |h Library of Congress classification  |i unmediated -- volume  |k Bd.41  |l 1992  |m A14817174859 
952 f f |p ric  |a Texas A&M University  |b Rellis Campus  |c Joint Library Facility  |d Remote Storage  |t 0  |e SD1 .S57  |h Library of Congress classification  |i unmediated -- volume  |k Bd.47  |l 1998  |m A14826146083 
952 f f |p ric  |a Texas A&M University  |b Rellis Campus  |c Joint Library Facility  |d Remote Storage  |t 0  |e SD1 .S57  |h Library of Congress classification  |i unmediated -- volume  |k Bd.23  |l 1974  |m A14817901206 
952 f f |p ric  |a Texas A&M University  |b Rellis Campus  |c Joint Library Facility  |d Remote Storage  |t 0  |e SD1 .S57  |h Library of Congress classification  |i unmediated -- volume  |k Bd.30 -Bd.31  |l 1981-1982  |m A14817901248 
952 f f |p ric  |a Texas A&M University  |b Rellis Campus  |c Joint Library Facility  |d Remote Storage  |t 0  |e SD1 .S57  |h Library of Congress classification  |i unmediated -- volume  |k Bd.42  |l 1993  |m A14818395042 
952 f f |p ric  |a Texas A&M University  |b Rellis Campus  |c Joint Library Facility  |d Remote Storage  |t 0  |e SD1 .S57  |h Library of Congress classification  |i unmediated -- volume  |k Bd.40  |l 1991  |m A14816067198 
952 f f |p ric  |a Texas A&M University  |b Rellis Campus  |c Joint Library Facility  |d Remote Storage  |t 0  |e SD1 .S57  |h Library of Congress classification  |i unmediated -- volume  |k Bd.15  |l 1966  |m A14817901109 
952 f f |p ric  |a Texas A&M University  |b Rellis Campus  |c Joint Library Facility  |d Remote Storage  |t 0  |e SD1 .S57  |h Library of Congress classification  |i unmediated -- volume  |k Bd.49  |l 2000  |m A14827909604 
952 f f |p ric  |a Texas A&M University  |b Rellis Campus  |c Joint Library Facility  |d Remote Storage  |t 0  |e SD1 .S57  |h Library of Congress classification  |i unmediated -- volume  |k Bd.44  |l 1995  |m A14820720156 
952 f f |p ric  |a Texas A&M University  |b Rellis Campus  |c Joint Library Facility  |d Remote Storage  |t 0  |e SD1 .S57  |h Library of Congress classification  |i unmediated -- volume  |k v.57  |l 2008  |m A14839108109 
952 f f |p ric  |a Texas A&M University  |b Rellis Campus  |c Joint Library Facility  |d Remote Storage  |t 0  |e SD1 .S57  |h Library of Congress classification  |i unmediated -- volume  |k Bd.25  |l 1976  |m A14817901183 
952 f f |p ric  |a Texas A&M University  |b Rellis Campus  |c Joint Library Facility  |d Remote Storage  |t 0  |e SD1 .S57  |h Library of Congress classification  |i unmediated -- volume  |k Bd.32 -Bd.33  |l 1983-1984  |m A14817901256 
952 f f |p ric  |a Texas A&M University  |b Rellis Campus  |c Joint Library Facility  |d Remote Storage  |t 0  |e SD1 .S57  |h Library of Congress classification  |i unmediated -- volume  |k [v.] 63  |l 2014  |m A14843535445 
952 f f |p ric  |a Texas A&M University  |b Rellis Campus  |c Joint Library Facility  |d Remote Storage  |t 0  |e SD1 .S57  |h Library of Congress classification  |i unmediated -- volume  |k Bd.38  |l 1989  |m A14812926594 
952 f f |p ric  |a Texas A&M University  |b Rellis Campus  |c Joint Library Facility  |d Remote Storage  |t 0  |e SD1 .S57  |h Library of Congress classification  |i unmediated -- volume  |k [v.] 61  |l 2012  |m A14842832389 
952 f f |p ric  |a Texas A&M University  |b Rellis Campus  |c Joint Library Facility  |d Remote Storage  |t 0  |e SD1 .S57  |h Library of Congress classification  |i unmediated -- volume  |k Bd.43  |l 1994  |m A14819493047 
952 f f |p ric  |a Texas A&M University  |b Rellis Campus  |c Joint Library Facility  |d Remote Storage  |t 0  |e SD1 .S57  |h Library of Congress classification  |i unmediated -- volume  |k Bd.16  |l 1967  |m A14817901117 
952 f f |p ric  |a Texas A&M University  |b Rellis Campus  |c Joint Library Facility  |d Remote Storage  |t 0  |e SD1 .S57  |h Library of Congress classification  |i unmediated -- volume  |k 52  |l 2003  |m A14833698732 
952 f f |p ric  |a Texas A&M University  |b Rellis Campus  |c Joint Library Facility  |d Remote Storage  |t 0  |e SD1 .S57  |h Library of Congress classification  |i unmediated -- volume  |k Bd.45  |l 1996  |m A14821972015 
952 f f |p ric  |a Texas A&M University  |b Rellis Campus  |c Joint Library Facility  |d Remote Storage  |t 0  |e SD1 .S57  |h Library of Congress classification  |i unmediated -- volume  |k Bd.19  |l 1970  |m A14817901141 
952 f f |p ric  |a Texas A&M University  |b Rellis Campus  |c Joint Library Facility  |d Remote Storage  |t 0  |e SD1 .S57  |h Library of Congress classification  |i unmediated -- volume  |k 51  |l 2002  |m A14830982378 
952 f f |p ric  |a Texas A&M University  |b Rellis Campus  |c Joint Library Facility  |d Remote Storage  |t 0  |e SD1 .S57  |h Library of Congress classification  |i unmediated -- volume  |k Bd.28 -Bd.29  |l 1979-1980  |m A14817901191 
952 f f |p ric  |a Texas A&M University  |b Rellis Campus  |c Joint Library Facility  |d Remote Storage  |t 0  |e SD1 .S57  |h Library of Congress classification  |i unmediated -- volume  |k 53  |l 2004  |m A14833437673 
952 f f |p ric  |a Texas A&M University  |b Rellis Campus  |c Joint Library Facility  |d Remote Storage  |t 0  |e SD1 .S57  |h Library of Congress classification  |i unmediated -- volume  |k Bd.26  |l 1977  |m A14817901222 
952 f f |p ric  |a Texas A&M University  |b Rellis Campus  |c Joint Library Facility  |d Remote Storage  |t 0  |e SD1 .S57  |h Library of Congress classification  |i unmediated -- volume  |k Bd.48  |l 1999  |m A14827282418 
952 f f |p ric  |a Texas A&M University  |b Rellis Campus  |c Joint Library Facility  |d Remote Storage  |t 0  |e SD1 .S57  |h Library of Congress classification  |i unmediated -- volume  |k [v.] 62  |l 2013  |m A14842832371 
998 f f |a SD1 .S57  |s [v.] 61-64 (2012-2015)  |t 0  |l Remote Storage